[Event "Luxembourg-chT 9900"]
[Site "Luxembourg"]
[Date "1999.11.07"]
[Round "2"]
[White "Ries, Raoul"]
[Black "Spartz, Gaston"]
[Result "0-1"]
[WhiteElo "1845"]
[BlackElo "1940"]
[PlyCount "48"]
[EventDate "1999.10.24"]
[EventType "team"]
[EventRounds "10"]
[EventCountry "LUX"]
[SourceTitle "EXT 2005"]
[Source "ChessBase"]
[SourceDate "2004.11.15"]
[SourceVersion "1"]
[SourceVersionDate "2004.11.15"]
[SourceQuality "1"]

1. e4 d6 2. d4 g6 3. f4 Bg7 4. Be3 c6 5. c3 Nf6 6. Bd3 Ng4 7. Qe2 Nxe3 8. Qxe3 Qb6 9. Qc1 e5 10. fxe5 dxe5 11. dxe5 Bxe5 12. Nf3 Nd7 13. Na3 Qc7 14. Nc4 Bf4 15. Qc2 Nc5 16. 0-0 Be6 17. b3 0-0-0 18. Rad1 Nxd3 19. Rxd3 Bxc4 20. Rxd8+ Rxd8 21. bxc4 Qd6 22. Qe2 Qd3 23. Nd4 Be3+ 24. Kh1 Rxd4 0-1